The information subject : essays

Αποθηκεύτηκε σε:
Λεπτομέρειες βιβλιογραφικής εγγραφής
Κύριος συγγραφέας: Poster, Mark
Άλλοι συγγραφείς: Aronowitz, Stanley (Σχολιαστής)
Μορφή: Βιβλίο
Γλώσσα:English
Δημοσίευση: Australia : G+B Arts International, 2001
Σειρά:Critical voices in art, theory and culture
Θέματα:
Ετικέτες: Προσθήκη ετικέτας
Δεν υπάρχουν, Καταχωρήστε ετικέτα πρώτοι!

MARC

LEADER 00000nam a2200000 i 4500
001 1/71950
008 050222s2001 eng d
020 |a 90-5701-242-1 
035 |l 10076682 
040 |a GR-MY-UA  |b gre  |e aacr 
041 0 |a eng 
082 0 |a 302.2  |2 (21) 
100 1 |a Poster, Mark. 
245 1 4 |a The information subject :  |b essays /  |c Mark Poster, commentary Stanley Aronowitz 
260 |a Australia :   |b G+B Arts International,   |c 2001 
300 |a 179 σ.;  |c 23 εκ. 
490 1 |a Critical voices in art, theory and culture 
650 0 0 |a Mass media  |x Social aspects. 
650 0 0 |a Technology  |x Social aspects. 
650 0 0 |a Mass media. 
700 1 |a Aronowitz, Stanley.  |4 cmm 
830 0 |a Critical voices in art, theory and culture 
852 |a INST  |b LESVOS  |e 20050222  |h 302.2 POS  |p 005100030236  |q 005100030236  |t BK  |y 0 
901 |a BIBL1-2005-1 
909 |a Λ  |b 116248 
920 |a ΔΙΕΥΡΥΝΣΗ  |b ΕΠΕΑΕΚ/ΤΚ  |y ΛΕΣΒΟΣ  |z 2004-10 
970 |a ΜΑΡΙΝΑΤΟΥ  |b ΜΥΡΣΙΝΗ  |z 2005/02/22